00530nam a22001692 4500001001100000005001700011008004100028020002800069040001500097050001600112100003000128245006700158260004000225300001600265650005300281650002600334000000377320151217151933.0070515s xx 000 0 eng d a0387953604 :cKES 6,371 aKABUcKABU 0aQC381b.M651 aMoller, K. D.@000015390910aOptics :blearning by computing, with examples using math cad. aNew York :bSpringer-Verlag,c2003. axvi, 443 p. 0aGeometrical opticsxData processing.@0000153910 0aMath CAD.@0000153911